Deer like animals - Statistics

General Stats
  • This quiz has been taken 97 times
  • The average score is 4 of 10
Answer Stats
Picture Answer % Correct
moose
92%
caribou
73%
pronghorn
57%
impala
52%
gazelle
33%
mule deer
33%
white tailed deer
24%
roe deer
18%
muntjac deer
16%
nyala
9%
No matching quizzes found
Score Distribution
Percent of People with Each Score
Percentile by Number Answered
Your Score History
You have not taken this quiz